000 01053cab a22002055a 4500
001 L141304
008 071115e20071027xxk f 000 0 eng d
035 _a(Sirsi) u141304
041 0 _aeng
100 1 _aDollar, Peta
245 0 0 _aKnow one's obligations
260 _c2007
490 _aEstates Gazette
_v(0743) 27 October 2007, 196-197(2)
520 _aFirst of four Mainly for Students articles explaining aspects of contracts for the sale and purchase of commercial property. Discusses deposits, vacant possession and covenants for title. Considers standard conditions of sale and variations. Covers sales made with vacant possession, and those subject to existing contracts. Examines the covenants associated with the sale of a commercial property, including those normally implied by the sale. (See also L141305 and L141663)
590 _aKA
650 2 4 _aPROPERTY (MISCELLANEOUS PROVISIONS) ACT 1994
651 4 _aUnited Kingdom
_y
690 _aPROPERTY-COMMERCIAL PROPERTY-ACQUISITION AND DISPOSAL OF COMMERCIAL PROPERTY
942 _n0
999 _c79445
_d79445